000 00281nam a22001337a 4500
008 180302b xxu||||| |||| 00| 0 eng d
020 _a9780618230310
041 _aeng
080 _a37
100 _a25
101 _aEDU
245 _aCollege writing
_cByrd,P
942 _2udc
_cBK
999 _c44067
_d44067